| 000 | 00701nam a22001937a 4500 | ||
|---|---|---|---|
| 999 |
_c165957 _d165957 |
||
| 005 | 20190711110239.0 | ||
| 010 | _aB-728472 | ||
| 020 |
_a9789388425667 _c159.00 |
||
| 035 | _aB-728472 | ||
| 037 | _bRK Books | ||
| 082 | _a333.7 | ||
| 245 | _aEnvironmental Studies (EVS) exam goal post for CTET & TETs exams | ||
| 260 |
_aNew Delhi _bWiley _c2019 |
||
| 270 |
_a19-A, Ansari Road, Daryaganj _bNew Delhi _e110002 |
||
| 300 |
_aviii, 216p. _c21cm(pbk) |
||
| 500 | _apaper-I class I-V | ||
| 942 |
_2ddc _cEN _h333.7 _mENV |
||